000 00906nas a2200301 4500
001 BR2011001744
003 BR-BrBNA
005 20231205114534.0
007 ta
008 230509b bl.|||p| |||| 00| 00por d
040 _aBR-BrBNA
_bpor
_cBiblioteca Nacional de Agricultura
041 _a(En)
072 _aJ11
100 1 _aMaia, V.M.
100 1 _aSalomão, L.C.C.
100 1 _aSiqueira, D.L.
100 1 _aPuschman, R.
100 1 _aMota Filho, V.J.G.
100 1 _aCecon, P.R.
245 1 _aPhysical and metabolic alterations in "Prata Anã" banana induced by mechanical damage at room temperature
650 _aBANANA
650 _aPÓS-COLHEITA
650 _aDANO MECÂNICO
650 _aTEMPERATURA
773 0 _tScientia Agricola (Brazil)
_xISSN 0103-9016
_g(Jan-Feb 2011), v. 68(1) p. 31-36
_wBR2011001744
909 _a202311
_bLúcia
_c55
_dLúcia Elande
942 _2AGRIS
_n0
_cANA
999 _c209228
_d209228